Ahí vienen los bomberos (Record no. 140910)

MARC details
000 -CABECERA
campo de control de longitud fija 00833cam a2200253 a 4500
005 - FECHA Y HORA DE LA ÚLTIMA TRANSACCIÓN
campo de control 20260416064113.0
008 - ELEMENTOS DE LONGITUD FIJA--INFORMACIÓN GENERAL
campo de control de longitud fija 090205s2005 ck a br 000 0 spa d
020 ## - NÚMERO INTERNACIONAL NORMALIZADO PARA LIBROS
Número Internacional Estándar del Libro 9803950614
035 ## - NÚMERO DE CONTROL DEL SISTEMA
Número de control de sistema UPN01000168804
040 ## - FUENTE DE LA CATALOGACIÓN
Centro catalogador/agencia de origen MX-MxUPN
Lengua de catalogación spa
041 0# - CÓDIGO DE IDIOMA
Código de lengua del texto/banda sonora o título independiente spa
050 #4 - SIGNATURA TOPOGRÁFICA DE LA BIBLIOTECA DEL CONGRESO
Número de clasificación TH9148
Número de documento/Ítem M37 2005
100 1# - ASIENTO PRINCIPAL--NOMBRE PERSONAL
Nombre de persona Martínez, Carmen
9 (RLIN) 59260
245 10 - MENCIÓN DE TÍTULO
Título Ahí vienen los bomberos
260 ## - PUBLICACIÓN, DISTRIBUCIÓN, ETC.
Lugar de publicación, distribución, etc. [Bogotá] :
Nombre del editor, distribuidor, etc. El Nacional,
Fecha de publicación, distribución, etc. c2005.
300 ## - DESCRIPCIÓN FÍSICA
Extensión 31 páginas :
Otras características físicas ilustraciones a color
490 0# - MENCIÓN DE SERIE
Mención de serie Colección Brújula de papel. Ciencias sociales ;
Designación de volumen o secuencia 35
650 #4 - ASIENTO SECUNDARIO DE MATERIA - TERMINO TEMATICO
Término de materia o nombre geográfico como elemento de entrada Bomberos
Subdivisión de forma Literatura infantil
9 (RLIN) 21740
650 #0 - ASIENTO SECUNDARIO DE MATERIA - TERMINO TEMATICO
Término de materia o nombre geográfico como elemento de entrada Prevención de incendios
Subdivisión de forma Literatura infantil
9 (RLIN) 59261
700 1# - ASIENTO SECUNDARIO--NOMBRE DE PERSONAL
Nombre de persona Pinilla, Fernando
9 (RLIN) 59262
Término indicativo de función/relación ilustración
902 ## - ELEMENTOS DE DATOS B LOCAL, LDB (RLIN)
Modificó VíctorGodínez/150426
942 ## - ELEMENTOS DE PUNTO DE ACCESO ADICIONAL (KOHA)
Fuente del sistema de clasificación o colocación Library of Congress Classification
Tipo de ítem Koha Libro
Holdings
Estado de retiro Estado de pérdida Fuente del sistema de clasificación o colocación Estado dañado No para préstamo Código de colección Localización permanente Ubicación/localización actual Ubicación en estantería Total de préstamos Clasificación Código de barras Fecha visto por última vez Tipo de ítem Koha
    Library of Congress Classification     Infantil Bib. Gregorio Torres Quintero Bib. Gregorio Torres Quintero Sala infantil Planta baja   TH9148 M37 2005 257525 31/12/2020 Libro